Droit de réponse (Record no. 17673)

MARC details
000 -LEADER
campo de control de longitud fija 00570nam a2200193 i 4500
001 - NÚMERO DE CONTROL
campo de control 17673
003 - IDENTIFICADOR DE NÚMERO DE CONTROL
campo de control ES-MaACL
005 - FECHA Y HORA DE LA ÚLTIMA TRANSACCIÓN
campo de control 20230906151635.0
007 - CAMPO FIJO DE DESCRIPCIÓN FÍSICA--INFORMACIÓN GENERAL
campo de control de longitud fija t|
008 - DATOS DE LONGITUD FIJA--INFORMACIÓN GENERAL
campo de control de longitud fija 010424s1996 fr ||||1| fre d
020 ## - NÚMERO INTERNACIONAL ESTÁNDAR DEL LIBRO
Número Internacional Estándar del Libro 2-951-000-5-10
080 ## - NÚMERO DE LA CLASIFICACIÓN DECIMAL UNIVERSAL
Número de la Clasificación Decimal Universal 323.13(=411.16)
100 1# - ENTRADA PRINCIPAL--NOMBRE DE PERSONA
Nombre de persona Garaudy, Roger.
9 (RLIN) 53935
245 10 - MENCIÓN DEL TÍTULO
Título Droit de réponse
Resto del título : le lynchage médiatique de l'Abbé Pierre et de Roger Garaudy /
Mención de responsabilidad, etc. Roger Garaudy.
260 ## - PUBLICACIÓN, DISTRIBUCIÓN, ETC.
Lugar de publicación, distribución, etc. [Paris] :
Nombre del editor, distribuidor, etc. Samizdat,
Fecha de publicación, distribución, etc. 1996.
300 ## - DESCRIPCIÓN FÍSICA
Extensión 38 p. ;
Dimensiones 21 cm.
650 14 - PUNTO DE ACCESO ADICIONAL DE MATERIA--TÉRMINO DE MATERIA
Término de materia o nombre geográfico como elemento de entrada Sionismo.
9 (RLIN) 17129
852 ## - LOCALIZACIÓN
Ubicación ES-MaACL
Número de control de estantería 2163-F-2
Sublocalización o colección R.129648
Holdings
Estatus retirado Estado de pérdida Estado de daño No para préstamo Colección Biblioteca de origen Biblioteca actual Ubicación en estantería Fecha de adquisición Fuente de adquisición Total de préstamos Signatura topográfica completa Código de barras Visto por última vez Precio de reemplazo Tipo de ítem Koha
        Colección de folletos Biblioteca del Ateneo de Madrid Biblioteca del Ateneo de Madrid Depósito folletos 17/01/2008     2163-F-2 1018029 23/02/2023 23/02/2023 Folleto